| 000 | 00000nam##2200000za#4500 |
| 001 | 9.593608 |
| 003 | CaOODSP |
| 005 | 20241120095135 |
| 007 | cr ||||||||||| |
| 008 | 150406|2006||||xxc|||||o f|0| 0 fre|d |
| 020 | |a0-662-72364-3 |
| 022 | |a1705-5814 |
| 040 | |aCaOODSP|bfre |
| 043 | |an-cn--- |
| 086 | 1 |aFo113-1/27-2006F-PDF |
| 110 | 1 |aCanada.|bRessources naturelles Canada. |bService canadien des forêts. |
| 245 | 10|aDes glaciers à la forêt : les conifères dévoilent leurs origines |h[ressource électronique] |
| 260 | |bRessources naturelles Canada. |c2006. |
| 300 | |a2p.|bcarte en couleur, photographies |
| 490 | 1 |aL'éclaircie du Service canadien des forêts, Centre de foresterie des Laurentides |x1705-5814|vN° 27 |
| 500 | |aLe n° de catalogue (Fo113-1/27-2006F) et l'ISBN (0-662-72363-5) pour l'édition imprimée ont été incorrectement copiés dans cette édition PDF. |
| 520 | 3 |aPublication pour les intervenants forestiers et les gens intéressés par la foresterie qui présente, sous forme vulgarisée, les travaux et projets en cours au Centre de foresterie des Laurentides du Service canadien des forêts (SCF). |
| 590 | |a07-10|b2007-03-09 |
| 691 | 07|aForêt|2gcpds |
| 691 | 07|aGéologie|2gcpds |
| 691 | 07|aGlacier|2gcpds |
| 710 | 2 |aPartenariat Innovation Forêt. |
| 775 | 08|tUncovering the postglacial history of conifer populations |w(CaOODSP)9.560968 |
| 776 | 0#|tDes glaciers à la forêt : les conifères dévoilent leurs origines |w(CaOODSP)9.627293 |
| 830 | #0|aL'éclaircie du Service canadien des forêts, Centre de foresterie des Laurentides,|x1705-5814|vN° 27|w(CaOODSP)9.501099 |
| 856 | 40|ahttp://publications.gc.ca|qPDF|s933 Ko|uhttps://publications.gc.ca/collections/Collection/Fo113-1-27-2006F.pdf|yN° 27 |